00641cam a2200217 a 4500008004100000020002900041040001500070100001800085245005100103250001800154260003800172300005900210336002600269337002800295338002700323500002100350650001400371700002000385003000100405005001700406  a9780123694447 (hardback) aNUSTcNUST1 aNorman, A. W.10aHormones /cAnthony W. Norman, Helen L. Henry. aThird Edition aLondon :bAcademic Press,cc2015. axv, 413 pages :billustrations (some colour) ;c28 cm. atextbtxt2rdacontent aunmediatedbn2rdamedia avolumebnc2rdacarrier aIncludes index. 0aHormones.1 aHenry, Helen L.20230123120616.0